[Event "Ste Foy Jeudi 1"]
[Site "Ste Foy CAN"]
[Date "2017.06.22"]
[Round "4"]
[White "Desbiens, Raphael"]
[Black "Genest, Dominic"]
[Result "1/2-1/2"]
[WhiteElo "1812"]
[BlackElo "1711"]
[WhiteFideId "-1"]
[WhiteFideId "-1"]
[PlyCount "125"]
[GameId "2160767908411344"]
[EventDate "2017.06.01"]
[EventType "swiss"]
[EventRounds "5"]
[EventCountry "CAN"]
[SourceTitle "EXT 2022"]
[Source "ChessBase"]
[SourceDate "2021.10.06"]
[SourceVersion "1"]
[SourceVersionDate "2021.10.06"]
[SourceQuality "1"]

1. e4 c5 2. Nf3 d6 3. Bb5+ Bd7 4. Bxd7+ Qxd7 5. c4 Nc6 6. d4 cxd4 7. Nxd4 Nf6 8. Nc3 g6 9. f3 Bg7 10. Be3 O-O 11. Qd2 Rfc8 12. Rc1 Nxd4 13. Bxd4 Rxc4 14. Qd3 Rc6 15. O-O a6 16. Be3 Rac8 17. Rcd1 Qc7 18. g4 e6 19. Bf4 Ne8 20. e5 dxe5 21. Bg3 Qb6+ 22. Rf2 Rd6 23. Qe2 Rxd1+ 24. Nxd1 Rc1 25. Kg2 Rc5 26. Nc3 Qc7 27. Ne4 Rc6 28. h4 f5 29. Ng5 h6 30. Nh3 f4 31. Bh2 Nf6 32. Qd3 e4 33. fxe4 Nxg4 34. Rd2 Nxh2 35. Qd8+ Qxd8 36. Rxd8+ Kh7 37. Kxh2 Rc2+ 38. Kg1 e5 39. Nf2 Rxb2 40. Rd7 b5 41. Ng4 Kg8 42. Rd8+ Kf7 43. Rd7+ Kf8 44. Ra7 Rd2 45. Ra8+ Ke7 46. Ra7+ Rd7 47. Rxa6 h5 48. Nf2 Bf6 49. Rb6 Bxh4 50. Rxb5 Bxf2+ 51. Kxf2 Rd2+ 52. Kf3 Rxa2 53. Rxe5+ Kf6 54. Rb5 g5 55. Rb6+ Ke7 56. e5 h4 57. Kg4 Rg2+ 58. Kf5 f3 59. Rb7+ Kd8 60. e6 Re2 61. Kg4 f2 62. Rf7 Rxe6 63. Kxg5 1/2-1/2

[Event "Ste Foy Jeudi 1"]
[Site "Ste Foy CAN"]
[Date "2017.06.22"]
[Round "4"]
[White "Doyon, Stephane"]
[Black "Chabot, Michelin"]
[Result "1-0"]
[WhiteElo "1821"]
[BlackElo "1674"]
[WhiteFideId "-1"]
[WhiteFideId "-1"]
[PlyCount "129"]
[GameId "2160767908411345"]
[EventDate "2017.06.01"]
[EventType "swiss"]
[EventRounds "5"]
[EventCountry "CAN"]
[SourceTitle "EXT 2022"]
[Source "ChessBase"]
[SourceDate "2021.10.06"]
[SourceVersion "1"]
[SourceVersionDate "2021.10.06"]
[SourceQuality "1"]

1. e4 c5 2. d4 cxd4 3. c3 dxc3 4. Nxc3 e6 5. Nf3 Bb4 6. Bc4 Qc7 7. Qd3 a6 8. O-O Bxc3 9. Qxc3 f6 10. Qd3 Nc6 11. Bd2 Nge7 12. Rac1 O-O 13. Rfd1 Kh8 14. Bb3 a5 15. Bc2 b6 16. Bb1 Ba6 17. Qc3 Rac8 18. Nd4 e5 19. Nc2 d5 20. exd5 Nxd5 21. Qh3 f5 22. Bg5 Qf7 23. Ne3 Nxe3 24. Bxe3 g6 25. Bxb6 Qb7 26. Rd6 Ne7 27. Rcd1 Qb8 28. Rd7 Rfe8 29. Bxa5 Qxb2 30. Qh4 Rc1 31. Qf6+ Kg8 32. Qxa6 Qxb1 33. Qc4+ Rxc4 34. Rxb1 Nc6 35. Be1 Re7 36. Rd6 Nd4 37. g3 Nf3+ 38. Kg2 Nxe1+ 39. Rxe1 e4 40. Re2 Ra7 41. Rb2 Rca4 42. Rdd2 Ra3 43. Re2 Kf7 44. h4 h6 45. Rec2 R3a6 46. Rd2 Kf6 47. Rbc2 g5 48. hxg5+ hxg5 49. Rb2 g4 50. Rd5 Ra5 51. Rb6+ Kg5 52. Rdd6 Rg7 53. Ra6 Re5 54. a4 e3 55. fxe3 Rxe3 56. a5 Re5 57. Rd2 Rg6 58. Ra8 f4 59. gxf4+ Kxf4 60. Ra2 Re3 61. Rf8+ Kg5 62. a6 Rh6 63. a7 Kh4 64. a8=Q Rg3+ 65. Kf2 1-0

[Event "Ste Foy Jeudi 1"]
[Site "Ste Foy CAN"]
[Date "2017.06.29"]
[Round "5"]
[White "Doyon, Stephane"]
[Black "Cummins, Paul"]
[Result "1/2-1/2"]
[WhiteElo "1821"]
[BlackElo "1757"]
[WhiteFideId "-1"]
[WhiteFideId "-1"]
[PlyCount "40"]
[GameId "2160767908411346"]
[EventDate "2017.06.01"]
[EventType "swiss"]
[EventRounds "5"]
[EventCountry "CAN"]
[SourceTitle "EXT 2022"]
[Source "ChessBase"]
[SourceDate "2021.10.06"]
[SourceVersion "1"]
[SourceVersionDate "2021.10.06"]
[SourceQuality "1"]

1. e4 e6 2. d4 d5 3. Nd2 dxe4 4. Nxe4 Bd7 5. Nf3 Bc6 6. Bd3 Nd7 7. O-O Ngf6 8. Nxf6+ Qxf6 9. Re1 Bxf3 10. Qxf3 Qxf3 11. gxf3 c6 12. Bf4 Be7 13. Rad1 O-O 14. c4 Bf6 15. Bf1 Rac8 16. d5 cxd5 17. cxd5 exd5 18. Rxd5 Nb6 19. Rd2 h6 20. Red1 Rfd8 1/2-1/2

[Event "Ste Foy Jeudi 1"]
[Site "Ste Foy CAN"]
[Date "2017.06.29"]
[Round "5"]
[White "Leblanc-Legault, Mathieu"]
[Black "Lescarbeau, Martin"]
[Result "1-0"]
[WhiteElo "1724"]
[BlackElo "1688"]
[WhiteFideId "-1"]
[WhiteFideId "-1"]
[PlyCount "92"]
[GameId "2160767908411347"]
[EventDate "2017.06.01"]
[EventType "swiss"]
[EventRounds "5"]
[EventCountry "CAN"]
[SourceTitle "EXT 2022"]
[Source "ChessBase"]
[SourceDate "2021.10.06"]
[SourceVersion "1"]
[SourceVersionDate "2021.10.06"]
[SourceQuality "1"]

1. Nf3 d5 2. d4 Nf6 3. e3 Bf5 4. c4 e6 5. Nc3 Be7 6. Qb3 O-O 7. Qxb7 Nbd7 8. cxd5 exd5 9. Qb3 Rb8 10. Qd1 c5 11. Bd3 Bxd3 12. Qxd3 c4 13. Qc2 Bb4 14. O-O Bxc3 15. bxc3 Qa5 16. Nd2 Rfe8 17. Re1 Qc7 18. f3 Re6 19. e4 Rbe8 20. e5 Nh5 21. Nf1 g6 22. g4 Ng7 23. Ba3 Qd8 24. Rab1 Qg5 25. Qd2 Qd8 26. Rb5 Nb6 27. Reb1 f5 28. g5 Nh5 29. Ng3 f4 30. Nxh5 Qxg5+ 31. Ng3 Nd7 32. Bd6 Nf6 33. Kh1 Qh4 34. Ne2 Qf2 35. Qxf4 Nh5 36. Qg4 Rxd6 37. Nf4 Nxf4 38. Qxf4 Rf8 39. Rb8 Rdd8 40. Rxd8 Rxd8 41. Qf6 Rf8 42. Qe6+ Kh8 43. Qxd5 Qc2 44. Qe4 Qxc3 45. e6 Qxf3+ 46. Qxf3 Rxf3 1-0

[Event "Ste Foy Jeudi 1"]
[Site "Ste Foy CAN"]
[Date "2017.06.29"]
[Round "5"]
[White "Lessard, Claude"]
[Black "Genest, Dominic"]
[Result "1-0"]
[WhiteElo "2150"]
[BlackElo "1711"]
[WhiteFideId "-1"]
[WhiteFideId "-1"]
[PlyCount "33"]
[GameId "2160767908411348"]
[EventDate "2017.06.01"]
[EventType "swiss"]
[EventRounds "5"]
[EventCountry "CAN"]
[SourceTitle "EXT 2022"]
[Source "ChessBase"]
[SourceDate "2021.10.06"]
[SourceVersion "1"]
[SourceVersionDate "2021.10.06"]
[SourceQuality "1"]

1. d4 d5 2. e4 e6 3. Be3 dxe4 4. f3 Nf6 5. Nd2 exf3 6. Ngxf3 Nc6 7. c3 Bd6 8. Nc4 O-O 9. Bd3 b6 10. O-O Bb7 11. Qe2 Re8 12. Nxd6 Qxd6 13. Ng5 h6 14. Rxf6 gxf6 15. Ne4 Qf8 16. Nxf6+ Kh8 17. Qh5 1-0

[Event "Ste Foy Jeudi 1"]
[Site "Ste Foy CAN"]
[Date "2017.06.29"]
[Round "5"]
[White "Sauve, Richard"]
[Black "Desbiens, Raphael"]
[Result "0-1"]
[WhiteElo "1849"]
[BlackElo "1812"]
[WhiteFideId "-1"]
[WhiteFideId "-1"]
[PlyCount "94"]
[GameId "2160767908411349"]
[EventDate "2017.06.01"]
[EventType "swiss"]
[EventRounds "5"]
[EventCountry "CAN"]
[SourceTitle "EXT 2022"]
[Source "ChessBase"]
[SourceDate "2021.10.06"]
[SourceVersion "1"]
[SourceVersionDate "2021.10.06"]
[SourceQuality "1"]

1. d4 Nf6 2. c4 g6 3. Nc3 d5 4. cxd5 Nxd5 5. e4 Nxc3 6. bxc3 Bg7 7. Bc4 c5 8. Ne2 Nc6 9. Be3 O-O 10. O-O Qc7 11. Rc1 Rd8 12. Qc2 Na5 13. Qd3 Bd7 14. Bb5 c4 15. Qb1 Nb3 16. axb3 Bxb5 17. b4 e6 18. Qc2 b6 19. Ra1 a5 20. bxa5 Rxa5 21. Rxa5 bxa5 22. Rb1 Qc6 23. f3 Ba4 24. Qa2 Ra8 25. Nc1 Bf8 26. d5 exd5 27. exd5 Qe8 28. Kf2 Bb5 29. Ne2 a4 30. Nd4 Bc5 31. Qd2 a3 32. Nf5 Bxe3+ 33. Nxe3 Ba6 34. Qa2 Qa4 35. Rb4 Qa5 36. d6 Rd8 37. Nxc4 Bxc4 38. Qxc4 a2 39. Ra4 a1=Q 40. Rxa1 Qxa1 41. Qc7 Qb2+ 42. Kg3 Qb8 43. Qxb8 Rxb8 44. c4 Rc8 45. Kf4 Rxc4+ 46. Ke5 Kf8 47. Kd5 Rc2 0-1

[Event "Ste Foy Jeudi 2"]
[Site "Ste Foy CAN"]
[Date "2017.07.06"]
[Round "1"]
[White "Hirschberg, Valerian"]
[Black "Cummins, Paul"]
[Result "1-0"]
[WhiteElo "2332"]
[BlackElo "1757"]
[WhiteFideId "-1"]
[WhiteFideId "-1"]
[PlyCount "69"]
[GameId "2160767908410790"]
[EventDate "2017.07.06"]
[EventType "swiss"]
[EventRounds "5"]
[EventCountry "CAN"]
[SourceTitle "EXT 2022"]
[Source "ChessBase"]
[SourceDate "2021.10.06"]
[SourceVersion "1"]
[SourceVersionDate "2021.10.06"]
[SourceQuality "1"]

1. Nf3 Nf6 2. c4 e6 3. g3 d5 4. Bg2 c6 5. O-O Be7 6. d4 O-O 7. Nc3 Nbd7 8. Qb3 Nb6 9. c5 Nbd7 10. Qc2 b6 11. b4 a5 12. b5 bxc5 13. bxc6 Nb8 14. Qa4 Qc7 15. Ba3 Qxc6 16. dxc5 Ba6 17. Nd4 Qxa4 18. Nxa4 Nbd7 19. Nc6 Bd8 20. Rfb1 Re8 21. Nxd8 Raxd8 22. c6 Ne5 23. c7 Rc8 24. Nb6 Rxc7 25. Bd6 Rb7 26. Bxe5 Bxe2 27. Na4 Ra7 28. Rb2 Bd3 29. Nc5 Bg6 30. Nb7 Nd7 31. Bd4 Ra6 32. Rc1 Nb8 33. Bf1 Rc6 34. Rxc6 Nxc6 35. Bb5 1-0

[Event "Ste Foy Jeudi 2"]
[Site "Ste Foy CAN"]
[Date "2017.07.06"]
[Round "1"]
[White "Lessard, Claude"]
[Black "Genest, Dominic"]
[Result "1-0"]
[WhiteElo "2178"]
[BlackElo "1669"]
[WhiteFideId "-1"]
[WhiteFideId "-1"]
[PlyCount "55"]
[GameId "2160767908410792"]
[EventDate "2017.07.06"]
[EventType "swiss"]
[EventRounds "5"]
[EventCountry "CAN"]
[SourceTitle "EXT 2022"]
[Source "ChessBase"]
[SourceDate "2021.10.06"]
[SourceVersion "1"]
[SourceVersionDate "2021.10.06"]
[SourceQuality "1"]

1. Nf3 Nf6 2. c4 e6 3. g3 d5 4. d4 c6 5. Bg2 Be7 6. O-O O-O 7. b3 Nbd7 8. Nc3 Re8 9. Bb2 Qc7 10. cxd5 exd5 11. Rc1 a6 12. Nd2 Bb4 13. Nxd5 Nxd5 14. Bxd5 Qa5 15. Bxf7+ Kxf7 16. Nc4 Qd8 17. d5 cxd5 18. Qxd5+ Kf8 19. a3 Be7 20. Rfd1 Bf6 21. Nd6 Qe7 22. Qf5 Nb6 23. Qxh7 Be6 24. Qh8+ Bg8 25. Bxf6 Qxf6 26. Nxe8 Rxe8 27. Rc7 Rxe2 28. Rd8+ 1-0

[Event "Ste Foy Jeudi 2"]
[Site "Ste Foy CAN"]
[Date "2017.07.06"]
[Round "1"]
[White "Sauve, Richard"]
[Black "Jean, Martin"]
[Result "1-0"]
[WhiteElo "1857"]
[BlackElo "1585"]
[WhiteFideId "-1"]
[WhiteFideId "-1"]
[PlyCount "107"]
[GameId "2160767908410793"]
[EventDate "2017.07.06"]
[EventType "swiss"]
[EventRounds "5"]
[EventCountry "CAN"]
[SourceTitle "EXT 2022"]
[Source "ChessBase"]
[SourceDate "2021.10.06"]
[SourceVersion "1"]
[SourceVersionDate "2021.10.06"]
[SourceQuality "1"]

1. d4 Nf6 2. c4 g6 3. Nc3 Bg7 4. e4 d6 5. f3 Nbd7 6. Be3 O-O 7. Qd2 c5 8. Nge2 cxd4 9. Nxd4 a6 10. Be2 Nc5 11. O-O Ne6 12. Nb3 Bd7 13. Rfd1 Bc6 14. Rac1 Nd7 15. Kh1 f5 16. exf5 gxf5 17. Bh6 Bxh6 18. Qxh6 Rf6 19. Qh4 Qf8 20. Nd5 Bxd5 21. cxd5 Rh6 22. Qf2 Nf4 23. Qg3+ Ng6 24. Nd4 f4 25. Qg5 Nf6 26. Ne6 Rh5 27. Qxh5 Nxh5 28. Nxf8 Kxf8 29. Rc7 Rb8 30. Bd3 Nf6 31. Bxg6 hxg6 32. g3 g5 33. Kg2 Ke8 34. gxf4 gxf4 35. Rd4 b5 36. Rc2 Kd7 37. Kf1 Rg8 38. Rcd2 Rg5 39. b4 Re5 40. R2d3 Rf5 41. Ra3 Nxd5 42. Rxa6 Ne3+ 43. Kf2 Nc2 44. Re4 e5 45. a3 Rh5 46. Kg1 Nd4 47. Rxd4 exd4 48. a4 bxa4 49. Rxa4 Rb5 50. Kg2 Ke6 51. h4 Kd5 52. Ra5 Rxa5 53. bxa5 d3 54. Kf2 1-0

[Event "Ste Foy Jeudi 2"]
[Site "Ste Foy CAN"]
[Date "2017.07.13"]
[Round "2"]
[White "Caire, Francois"]
[Black "Bernatchez, Dan"]
[Result "1-0"]
[WhiteElo "2194"]
[BlackElo "1963"]
[WhiteFideId "-1"]
[WhiteFideId "-1"]
[PlyCount "83"]
[GameId "2160767908410794"]
[EventDate "2017.07.06"]
[EventType "swiss"]
[EventRounds "5"]
[EventCountry "CAN"]
[SourceTitle "EXT 2022"]
[Source "ChessBase"]
[SourceDate "2021.10.06"]
[SourceVersion "1"]
[SourceVersionDate "2021.10.06"]
[SourceQuality "1"]

1. e4 g6 2. d4 Bg7 3. Nc3 d6 4. f4 e6 5. Nf3 Ne7 6. Bd3 a6 7. a4 b6 8. O-O O-O 9. Qe1 f5 10. e5 dxe5 11. dxe5 c5 12. Qf2 Nd5 13. Nxd5 exd5 14. a5 Nc6 15. axb6 Qxb6 16. Be3 d4 17. Bc4+ Kh8 18. Bd2 a5 19. Ng5 Nd8 20. Ra3 Ne6 21. Nxe6 Bxe6 22. Bxe6 Qxe6 23. Rfa1 Ra6 24. Rxa5 Rfa8 25. Qe2 Rxa5 26. Rxa5 Rxa5 27. Bxa5 g5 28. fxg5 Qxe5 29. Qxe5 Bxe5 30. Bb6 Bd6 31. Kf2 Kg7 32. h4 Kf7 33. b3 Kg6 34. Kf3 Kh5 35. g3 Kg6 36. g4 Be7 37. Bc7 Bf8 38. Kf4 fxg4 39. Kxg4 h6 40. h5+ Kf7 41. gxh6 Kf6 42. Bd8+ 1-0

[Event "Ste Foy Jeudi 2"]
[Site "Ste Foy CAN"]
[Date "2017.07.13"]
[Round "2"]
[White "Desbiens, Raphael"]
[Black "Lessard, Claude"]
[Result "0-1"]
[WhiteElo "1813"]
[BlackElo "2178"]
[WhiteFideId "-1"]
[WhiteFideId "-1"]
[PlyCount "102"]
[GameId "2160767908410795"]
[EventDate "2017.07.06"]
[EventType "swiss"]
[EventRounds "5"]
[EventCountry "CAN"]
[SourceTitle "EXT 2022"]
[Source "ChessBase"]
[SourceDate "2021.10.06"]
[SourceVersion "1"]
[SourceVersionDate "2021.10.06"]
[SourceQuality "1"]

1. e4 g6 2. d4 Bg7 3. Nf3 d6 4. Nc3 Nf6 5. Bc4 c6 6. O-O b5 7. Bd3 O-O 8. a3 Nbd7 9. e5 dxe5 10. dxe5 Ng4 11. Be4 Qb6 12. Qe2 Nc5 13. h3 Nxe4 14. Qxe4 Nh6 15. Be3 Qb7 16. Bc5 Bf5 17. Qe2 a5 18. Rfd1 Be6 19. g4 Rfd8 20. Nd4 Bc4 21. Qe4 Rac8 22. Rd2 Qc7 23. Re1 f6 24. exf6 exf6 25. Ne6 Bxe6 26. Qxe6+ Nf7 27. Rxd8+ Rxd8 28. Qe7 Qxe7 29. Rxe7 Bf8 30. Ne4 Bxe7 31. Bxe7 Rd1+ 32. Kg2 f5 33. Nf6+ Kh8 34. f4 fxg4 35. hxg4 Rd2+ 36. Kg3 Rxc2 37. Ne4 Kg7 38. Bc5 h6 39. Kf3 a4 40. Bb4 h5 41. Be7 hxg4+ 42. Kxg4 Nh6+ 43. Kf3 Nf5 44. Bf6+ Kf7 45. Bc3 Ke6 46. Nf2 Kd5 47. Nd3 c5 48. Ne5 Nd4+ 49. Ke3 Re2+ 50. Kd3 c4+ 51. Nxc4 bxc4# 0-1

[Event "Ste Foy Jeudi 2"]
[Site "Ste Foy CAN"]
[Date "2017.07.13"]
[Round "2"]
[White "Dube, Daniel"]
[Black "Sauve, Richard"]
[Result "1/2-1/2"]
[WhiteElo "1992"]
[BlackElo "1857"]
[WhiteFideId "-1"]
[WhiteFideId "-1"]
[PlyCount "110"]
[GameId "2160767908410796"]
[EventDate "2017.07.06"]
[EventType "swiss"]
[EventRounds "5"]
[EventCountry "CAN"]
[SourceTitle "EXT 2022"]
[Source "ChessBase"]
[SourceDate "2021.10.06"]
[SourceVersion "1"]
[SourceVersionDate "2021.10.06"]
[SourceQuality "1"]

1. e4 e6 2. d4 d5 3. Nd2 Nf6 4. e5 Nfd7 5. Bd3 c5 6. c3 Nc6 7. Ne2 cxd4 8. cxd4 f6 9. exf6 Nxf6 10. O-O Bd6 11. Nf3 O-O 12. Bf4 Bxf4 13. Nxf4 Ne4 14. Qc1 Qf6 15. Ne2 e5 16. dxe5 Nxe5 17. Nxe5 Qxe5 18. Qe3 Qxb2 19. Nf4 Qb6 20. Qxb6 axb6 21. Nxd5 Nd6 22. Nxb6 Ra3 23. Nxc8 Rxd3 24. Nxd6 Rxd6 25. Rfd1 Rfd8 26. Rxd6 Rxd6 27. g3 Rd2 28. a4 Rb2 29. Kg2 Kf7 30. h4 Kf6 31. Ra3 h6 32. a5 g6 33. g4 g5 34. h5 Kg7 35. Kg3 Rb5 36. Kf3 Rb4 37. Kg3 Rb5 38. f4 gxf4+ 39. Kxf4 Kf6 40. a6 Rb4+ 41. Kg3 bxa6 42. Rxa6+ Kg7 43. Ra7+ Kg8 44. Ra6 Kg7 45. Re6 Kh7 46. Kf3 Ra4 47. Re4 Ra1 48. Kf4 Rf1+ 49. Ke5 Kg7 50. Kd6 Rf2 51. Ke5 Rf1 52. Rf4 Re1+ 53. Kf5 Re2 54. g5 hxg5 55. Kxg5 Rg2+ 1/2-1/2

[Event "Ste Foy Jeudi 2"]
[Site "Ste Foy CAN"]
[Date "2017.07.13"]
[Round "2"]
[White "Dube, Dominic"]
[Black "Hirschberg, Valerian"]
[Result "0-1"]
[WhiteElo "1928"]
[BlackElo "2332"]
[WhiteFideId "-1"]
[WhiteFideId "-1"]
[PlyCount "46"]
[GameId "2160767908410797"]
[EventDate "2017.07.06"]
[EventType "swiss"]
[EventRounds "5"]
[EventCountry "CAN"]
[SourceTitle "EXT 2022"]
[Source "ChessBase"]
[SourceDate "2021.10.06"]
[SourceVersion "1"]
[SourceVersionDate "2021.10.06"]
[SourceQuality "1"]

1. e4 c5 2. Nf3 Nc6 3. d4 cxd4 4. Nxd4 Nf6 5. Nc3 e5 6. Nb3 Bb4 7. Bg5 h6 8. Bxf6 Qxf6 9. Qd3 O-O 10. a3 Bxc3+ 11. Qxc3 Qg6 12. f3 d6 13. O-O-O Bd7 14. Qd3 Rac8 15. Nc5 dxc5 16. Qxd7 Rfd8 17. Qf5 Rxd1+ 18. Kxd1 Rd8+ 19. Kc1 Qd6 20. Bd3 b5 21. Rd1 Nd4 22. Qg4 c4 23. c3 cxd3 0-1

[Event "Ste Foy Jeudi 2"]
[Site "Ste Foy CAN"]
[Date "2017.07.20"]
[Round "3"]
[White "Hirschberg, Valerian"]
[Black "Caire, Francois"]
[Result "1-0"]
[WhiteElo "2332"]
[BlackElo "2194"]
[WhiteFideId "-1"]
[WhiteFideId "-1"]
[PlyCount "49"]
[GameId "2160767908410798"]
[EventDate "2017.07.06"]
[EventType "swiss"]
[EventRounds "5"]
[EventCountry "CAN"]
[SourceTitle "EXT 2022"]
[Source "ChessBase"]
[SourceDate "2021.10.06"]
[SourceVersion "1"]
[SourceVersionDate "2021.10.06"]
[SourceQuality "1"]

1. Nf3 Nf6 2. c4 e6 3. g3 b6 4. Bg2 Bb7 5. O-O Be7 6. Nc3 O-O 7. d4 Ne4 8. Qd3 Nxc3 9. Qxc3 c5 10. Rd1 Nc6 11. dxc5 Bxc5 12. Bf4 Qe7 13. a3 a5 14. Ng5 f5 15. Nf3 d6 16. Qd2 e5 17. Bg5 Qc7 18. b3 Rae8 19. Ne1 f4 20. gxf4 h6 21. Bd5+ Kh8 22. Bh4 b5 23. fxe5 Rxe5 24. Nd3 Rh5 25. Nf4 1-0

[Event "Ste Foy Jeudi 2"]
[Site "Ste Foy CAN"]
[Date "2017.07.20"]
[Round "3"]
[White "Pare, Marc"]
[Black "Lessard, Claude"]
[Result "0-1"]
[WhiteElo "1970"]
[BlackElo "2178"]
[WhiteFideId "-1"]
[WhiteFideId "-1"]
[PlyCount "94"]
[GameId "2160767908410799"]
[EventDate "2017.07.06"]
[EventType "swiss"]
[EventRounds "5"]
[EventCountry "CAN"]
[SourceTitle "EXT 2022"]
[Source "ChessBase"]
[SourceDate "2021.10.06"]
[SourceVersion "1"]
[SourceVersionDate "2021.10.06"]
[SourceQuality "1"]

1. e4 c6 2. d4 d5 3. e5 c5 4. c3 cxd4 5. cxd4 Nc6 6. Be3 e6 7. Nc3 Nge7 8. Bd3 Nf5 9. Nge2 Nxe3 10. fxe3 Qg5 11. Qd2 Qxg2 12. O-O-O Qg5 13. Rdg1 Qh6 14. Rg3 Bd7 15. Nf4 g6 16. Rh3 Qg7 17. Qf2 Be7 18. Rf3 O-O-O 19. h4 Kb8 20. h5 Rhf8 21. Qh2 Ka8 22. h6 Qg8 23. Rhf1 Nb4 24. Bb1 Rc8 25. Kd2 f5 26. exf6 Rxf6 27. a3 Nc6 28. Nfxd5 Rxf3 29. Nxe7 Nxe7 30. Rxf3 Bc6 31. e4 Qd8 32. Qe5 Bd7 33. Rf7 Be8 34. Rxh7 Nc6 35. Qb5 Qxd4+ 36. Bd3 Qf2+ 37. Ne2 Bf7 38. Qc4 Rd8 39. Qc3 e5 40. Kd1 a6 41. Kc1 Kb8 42. Kb1 Rc8 43. Qc1 Nd4 44. Qg1 Qf3 45. Nxd4 Qxd3+ 46. Ka1 Qxd4 47. Qe1 Qc4 0-1

[Event "Ste Foy Jeudi 2"]
[Site "Ste Foy CAN"]
[Date "2017.07.20"]
[Round "3"]
[White "Rouleau, Claude"]
[Black "Dube, Daniel"]
[Result "1/2-1/2"]
[WhiteElo "1732"]
[BlackElo "1992"]
[WhiteFideId "-1"]
[WhiteFideId "-1"]
[PlyCount "72"]
[GameId "2160767908410800"]
[EventDate "2017.07.06"]
[EventType "swiss"]
[EventRounds "5"]
[EventCountry "CAN"]
[SourceTitle "EXT 2022"]
[Source "ChessBase"]
[SourceDate "2021.10.06"]
[SourceVersion "1"]
[SourceVersionDate "2021.10.06"]
[SourceQuality "1"]

1. e4 Nf6 2. e5 Nd5 3. d4 d6 4. c4 Nb6 5. f4 g6 6. Nf3 Bg7 7. Be3 O-O 8. Be2 Be6 9. Nbd2 f6 10. d5 Bg4 11. e6 c6 12. h3 Bxf3 13. Nxf3 cxd5 14. cxd5 Na6 15. Bxa6 bxa6 16. b3 Rc8 17. O-O Qc7 18. Qd2 Qb7 19. Bxb6 Qxb6+ 20. Kh1 Rc5 21. Rac1 Rfc8 22. Rxc5 Qxc5 23. Qd4 f5 24. Qxc5 Rxc5 25. Rd1 Bf6 26. Rd3 Bc3 27. Nd2 Bxd2 28. Rxd2 Kf8 29. Kg1 Ke8 30. Kf2 a5 31. Ke3 Kd8 32. Kd4 Kc7 33. g4 Rc1 34. Rg2 fxg4 35. hxg4 Rd1+ 36. Ke4 Re1+ 1/2-1/2

[Event "Ste Foy Jeudi 2"]
[Site "Ste Foy CAN"]
[Date "2017.07.20"]
[Round "3"]
[White "Sauve, Richard"]
[Black "Stoyanova, Stela"]
[Result "1-0"]
[WhiteElo "1857"]
[BlackElo "1647"]
[WhiteFideId "-1"]
[WhiteFideId "-1"]
[PlyCount "65"]
[GameId "2160767908410801"]
[EventDate "2017.07.06"]
[EventType "swiss"]
[EventRounds "5"]
[EventCountry "CAN"]
[SourceTitle "EXT 2022"]
[Source "ChessBase"]
[SourceDate "2021.10.06"]
[SourceVersion "1"]
[SourceVersionDate "2021.10.06"]
[SourceQuality "1"]

1. d4 c5 2. d5 Nf6 3. c4 e5 4. Nc3 d6 5. e4 Be7 6. Bd3 O-O 7. Nge2 Bg4 8. f3 Bc8 9. Be3 Nh5 10. Qd2 f5 11. exf5 Bxf5 12. Bxf5 Rxf5 13. g4 Bh4+ 14. Kd1 Rxf3 15. gxh5 Qf6 16. Ne4 Qf5 17. N4g3 Bxg3 18. Nxg3 Qd7 19. Rf1 Rxf1+ 20. Nxf1 Na6 21. a3 Rf8 22. Kc2 Qg4 23. b3 Qxh5 24. Ng3 Qf7 25. Rf1 Qg6+ 26. Kb2 Rb8 27. Qc2 Qe8 28. Qf5 Nc7 29. a4 a6 30. Kc3 b5 31. axb5 axb5 32. Ne4 Qd8 33. Ng5 1-0

[Event "Ste Foy Jeudi 2"]
[Site "Ste Foy CAN"]
[Date "2017.07.27"]
[Round "4"]
[White "Caire, Francois"]
[Black "Sauve, Richard"]
[Result "1-0"]
[WhiteElo "2194"]
[BlackElo "1857"]
[WhiteFideId "-1"]
[WhiteFideId "-1"]
[PlyCount "77"]
[GameId "2160767908410802"]
[EventDate "2017.07.06"]
[EventType "swiss"]
[EventRounds "5"]
[EventCountry "CAN"]
[SourceTitle "EXT 2022"]
[Source "ChessBase"]
[SourceDate "2021.10.06"]
[SourceVersion "1"]
[SourceVersionDate "2021.10.06"]
[SourceQuality "1"]

1. d4 f5 2. g3 Nf6 3. Bg2 g6 4. c4 Bg7 5. Nc3 O-O 6. Nh3 d6 7. d5 Nbd7 8. O-O Ne5 9. b3 c5 10. Qc2 Rb8 11. Bd2 Bd7 12. a4 b6 13. Rae1 Qc7 14. Ng5 Qc8 15. e4 h6 16. Ne6 Bxe6 17. dxe6 Qxe6 18. f4 Nc6 19. exf5 Nd4 20. Rxe6 Nxc2 21. Rxe7 Rf7 22. Rxf7 Kxf7 23. fxg6+ Kxg6 24. Nb5 Re8 25. Rc1 Nd4 26. Nxd4 cxd4 27. Bf3 Ne4 28. Bxe4+ Rxe4 29. Kf2 h5 30. Re1 Kf5 31. Kf3 Rxe1 32. Bxe1 Bf8 33. h3 Bg7 34. g4+ hxg4+ 35. hxg4+ Ke6 36. Ke4 a5 37. g5 Bh8 38. f5+ Kd7 39. Bf2 1-0

[Event "Ste Foy Jeudi 2"]
[Site "Ste Foy CAN"]
[Date "2017.07.27"]
[Round "4"]
[White "Dube, Daniel"]
[Black "Cummins, Paul"]
[Result "0-1"]
[WhiteElo "1992"]
[BlackElo "1757"]
[WhiteFideId "-1"]
[WhiteFideId "-1"]
[PlyCount "92"]
[GameId "2160767908410803"]
[EventDate "2017.07.06"]
[EventType "swiss"]
[EventRounds "5"]
[EventCountry "CAN"]
[SourceTitle "EXT 2022"]
[Source "ChessBase"]
[SourceDate "2021.10.06"]
[SourceVersion "1"]
[SourceVersionDate "2021.10.06"]
[SourceQuality "1"]

1. e4 e6 2. d4 d5 3. Nc3 dxe4 4. Nxe4 Bd7 5. Nf3 Bc6 6. Ned2 Nf6 7. Bd3 Nbd7 8. O-O Be7 9. c4 O-O 10. Qc2 Bxf3 11. Nxf3 c5 12. Be3 Rc8 13. Rfd1 Qc7 14. Rac1 a6 15. Ng5 h6 16. Nf3 Ng4 17. Bd2 cxd4 18. h3 Nge5 19. Bh7+ Kh8 20. Nxd4 Nf6 21. Bd3 Rfd8 22. Be3 Bc5 23. Be2 Nc6 24. Nxe6 Rxd1+ 25. Rxd1 fxe6 26. Bxc5 Qa5 27. Be3 Qxa2 28. Rd6 Qa1+ 29. Kh2 Re8 30. Bf3 Nd8 31. Qg6 Qa5 32. g3 Qc7 33. c5 Nf7 34. Rb6 Ne5 35. Bf4 Nxf3+ 36. Kg2 Nh4+ 37. gxh4 Qxf4 38. Rxb7 Rg8 39. c6 Ne4 40. Rf7 Qxh4 41. Qxe6 Ng5 42. Qe7 Qxh3+ 43. Kg1 Nf3+ 44. Rxf3 Qxf3 45. c7 Qb7 46. Qd8 Qc8 0-1